Normal view
MARC view
- الموسيقى العربية - ببليوجرافيات
Entry Topical Term
001 - CONTROL NUMBER
- control field: 36858
003 - CONTROL NUMBER IDENTIFIER
- control field: JO-AjAnu
005 - DATE AND TIME OF LATEST TRANSACTION
- control field: 20230606080142.0
008 - FIXED-LENGTH DATA ELEMENTS
- fixed length control field: 230606|| aca||aabn | a|a d
040 ## - CATALOGING SOURCE
- Original cataloging agency: JO-AjAnu
- Transcribing agency: JO-AjAnu
150 ## - HEADING--TOPICAL TERM
- Topical term or geographic name entry element: الموسيقى العربية - ببليوجرافيات
670 ## - SOURCE DATA FOUND
- Source citation: Work cat.: (JO-AjAnu)18918: تأليف فارمر، هنري جورج ؛ ترجمة نصار حسين مترجم, author 36857, مصادر الموسيقى العربية